LEADER 00889nam a22002651i 4500 001 991003561889707536 005 20030905130031.0 008 031111s1978 uik|||||||||||||||||eng 020 $a0713161477 035 $ab12443554-39ule_inst 035 $aARCHE-047684$9ExL 040 $aDip.to Lingue$bita$cA.t.i. Arché s.c.r.l. Pandora Sicilia s.r.l. 082 04$a829.3 100 1 $aShippey, T. A.$0163660 245 10$aBeowulf /$cby T. A. Shippey 260 $aLondon :$bE. Arnold,$c1978 300 $a64 p. ;$c19 cm 440 0$aStudies in English Literature ;$v70 650 4$aBeowulf 907 $a.b12443554$b02-04-14$c13-11-03 912 $a991003561889707536 945 $aLE012 F.G. 1016$g1$i2012000065901$lle012$o-$pE0.00$q-$rl$s- $t0$u1$v1$w1$x0$y.i12869934$z13-11-03 996 $aBeowulf$9179730 997 $aUNISALENTO 998 $ale012$b13-11-03$cm$da $e-$feng$guik$h0$i1 LEADER 00996nam0 22002651i 450 001 UON00177834 005 20231205103119.846 100 $a20030730d1985 |0itac50 ba 101 $aita 102 $aIT 105 $a|||| 1|||| 200 1 $aAccumulazione, inflazione, crisi$fRobert Boyer$gJaques Mistral 210 $aBologna$cIl Mulino $d1985 215 $app XIV-409 cm 21 606 $aEconomia$xCrisi$xStudi$3UONC034419$2FI 606 $aINFLAZIONE SAGGI$3UONC034298$2FI 676 $a332.41$cEconomia Finanziaria. Valore della moneta$v21 700 1$aBOYER$bRobert$3UONV099692$041253 702 1$aMISTRAL$bJaques$3UONV099693 801 $aIT$bSOL$c20250711$gRICA 899 $aSIBA - SISTEMA BIBLIOTECARIO DI ATENEO$2UONSI 912 $aUON00177834 950 $aSIBA - SISTEMA BIBLIOTECARIO DI ATENEO$dSI J 0035 $eSI SC 15636 5 0035 996 $aAccumulazione, inflazione, crisi$9296727 997 $aUNIOR